Koleksi prosedur kerja jabatan/agensi kerajaan negeri Johor : Jilid 3

Bibliographic Details
Format: Book
Published: Johor : Audit Dalam Pejabat Setiausaha Kerajaan Johor
Subjects:

MARC

LEADER 00000cam a2200000 7i4500
001 0000084152
005 20191017.0
008 191016
020 |a 9789832627241 
041 0 |a Malay 
090 0 0 |a 352.13095951   |b KOL 
245 1 0 |a Koleksi prosedur kerja jabatan/agensi kerajaan negeri Johor :   |b Jilid 3 
260 |a Johor :   |b Audit Dalam Pejabat Setiausaha Kerajaan Johor 
300 |a 107p. :   |b col.ill. ;   |c 29.8cm. 
541 0 0 |c Donation books 
650 0 |a Community development   |z Johor 
650 0 |a Johor 
650 0 |a Public welfare   |z Johor 
999 |a 0001593172   |b Book   |c REFERENCE   |e Perbadanan Perpustakaan Awam Johor